| 000 | 00493cam a22001932 4500 | ||
|---|---|---|---|
| 001 | 7056850 | ||
| 005 | 20180224023134.0 | ||
| 008 | 830715t19661935nyu 000 0 eng | ||
| 010 | _a 65027114 | ||
| 040 |
_aDLC _cCarP _dDLC |
||
| 041 | _aeng | ||
| 080 | _a316 | ||
| 082 | _2316 BEN | ||
| 100 | 1 | _a50 | |
| 101 | _aSOC | ||
| 245 | 1 | 0 | _aWomen in eighteenth-century America; |
| 906 |
_a0 _bcbc _cpremver _du _encip _f19 _gy-gencatlg |
||
| 942 |
_2ddc _cBK |
||
| 999 |
_c43335 _d43335 |
||